Enfocando misterios (Record no. 183603)

MARC details
000 -LEADER
campo de control de longitud fija 00956nam a2200241 i 4500
001 - NÚMERO DE CONTROL
campo de control 183603
003 - IDENTIFICADOR DE NÚMERO DE CONTROL
campo de control ES-MaACL
005 - FECHA Y HORA DE LA ÚLTIMA TRANSACCIÓN
campo de control 20250814090110.0
008 - DATOS DE LONGITUD FIJA--INFORMACIÓN GENERAL
campo de control de longitud fija 140728s2013 sp ac |||| |dspa d
080 ## - NÚMERO DE LA CLASIFICACIÓN DECIMAL UNIVERSAL
Número de la Clasificación Decimal Universal 791:654.197(460)
245 00 - MENCIÓN DEL TÍTULO
Título Enfocando misterios
Resto del título : incluye una guía de profesionales del Sur de Madrid /
Mención de responsabilidad, etc. Asociación "La noche del cazador" ; coordinadora, Rosa Blas Traisac.
246 3# - FORMA VARIANTE DEL TITULO
Título propio/Titulo breve Guía de profesionales del Sur de Madrid
260 ## - PUBLICACIÓN, DISTRIBUCIÓN, ETC.
Lugar de publicación, distribución, etc. [Leganés, Madrid :
Nombre del editor, distribuidor, etc. Asociación "La noche del cazador",
Fecha de publicación, distribución, etc. 2013] (
Fabricante Clayda)
300 ## - DESCRIPCIÓN FÍSICA
Extensión 161 p. :
Otras características físicas il., retr. ;
Dimensiones 21 cm.
650 #4 - PUNTO DE ACCESO ADICIONAL DE MATERIA--TÉRMINO DE MATERIA
Término de materia o nombre geográfico como elemento de entrada Cine-
Subdivisión geográfica Madrid
9 (RLIN) 11027
650 #4 - PUNTO DE ACCESO ADICIONAL DE MATERIA--TÉRMINO DE MATERIA
Término de materia o nombre geográfico como elemento de entrada Actores-
Subdivisión geográfica España-
Subdivisión cronológica S.XX.
9 (RLIN) 155114
650 #4 - PUNTO DE ACCESO ADICIONAL DE MATERIA--TÉRMINO DE MATERIA
Término de materia o nombre geográfico como elemento de entrada Cine y televisión-
Subdivisión geográfica España.
9 (RLIN) 155115
700 1# - ENTRADA AGREGADA--NOMBRE PERSONAL
Nombre de persona Blas Traisac, Rosa.
9 (RLIN) 155117
710 2# - ENTRADA AGREGADA--NOMBRE DE ENTIDAD CORPORATIVA
Nombre de entidad corporativa o nombre de jurisdicción como elemento de entrada Asociación "La noche del cazador"
9 (RLIN) 155116
852 ## - LOCALIZACIÓN
Ubicación ES-MaACL
Número de control de estantería A-13200
itemnumber 190516
Sublocalización o colección R.149976
Ubicación en estantería Depósito 1
Signatura antigua Olim: N-6200
942 ## - ELEMENTOS DE ENTRADA SECUNDARIOS (KOHA)
Fuente del sistema de clasificación o colocación Clasificación decimal universal
Tipo de ítem Koha Libro impreso
Holdings
Estatus retirado Estado de pérdida Fuente del sistema de clasificación o colocación Estado de daño No para préstamo Biblioteca de origen Biblioteca actual Ubicación en estantería Fecha de adquisición Fuente de adquisición Total de préstamos Signatura topográfica completa Código de barras Visto por última vez Precio de reemplazo Tipo de ítem Koha
    Clasificación decimal universal     Biblioteca del Ateneo de Madrid Biblioteca del Ateneo de Madrid Depósito 1 28/07/2014 Donación   A-13200 1192986 23/02/2023 23/02/2023 Libro impreso